Manual del jardinero : una guía paso a paso /

Contenido: 1) El jardinero. 2) Herramientas básicas de jardinería. 3) Mantenimiento del césped. 4) Mantenimiento de los arriates o jardineras. 5) Mantenimiento de los arbustos. 6) Mantenimiento de los árboles. 7) Macetas. 8) Lista de plantas.

Guardado en:
Bibliografiske detaljer
Hovedforfatter: Lesur, Luis (coordinación)
Format: Bog
Sprog:spansk
Udgivet: México : Trillas, 2018, c2006
Serier:(Cómo Hacer Bien y Fácilmente)
Fag:
Tags: Tilføj Tag
Ingen Tags, Vær først til at tagge denne postø!

MARC

LEADER 00000nam^a2200000^a^4500
001 000410794
005 20250521000000.0
009 20260310122056.038
020 |a 978-968-24-7673-0 
037 |a Acervo ITESO - Biblioteca 
041 |a ESP 
082 |a 635. 9  |b LES 
100 |a Lesur, Luis  |e (coordinación) 
245 1 0 |a Manual del jardinero :  |b una guía paso a paso /  |c Coord. de L. Lesur. 
264 4 |a México :  |b Trillas,  |c 2018, c2006 
300 |a 80 p. 
336 |a texto  |b txt  |2 rdacontenido 
337 |a sin mediación  |b n  |2 rdamedio 
338 |a volumen  |b nc  |2 rdasoporte 
440 1 |a (Cómo Hacer Bien y Fácilmente) 
520 |a Contenido: 1) El jardinero. 2) Herramientas básicas de jardinería. 3) Mantenimiento del césped. 4) Mantenimiento de los arriates o jardineras. 5) Mantenimiento de los arbustos. 6) Mantenimiento de los árboles. 7) Macetas. 8) Lista de plantas. 
521 |a FIL 2018 DIA 
649 |a XX 
650 |a Jardineros 
650 |a Macetas y Jardineras 
650 |a Jardinería -  |x Materiales y Equipo 
650 |a Jardinería -  |x Técnica 
650 |a Jardinería -  |x Tema Principal 
650 |a Agricultura 
910 |a Fondo General 
920 |a Impresos - Libros 
930 |a Colección General 
905 |a 101 
901 |a 0500312387  |b IT1  |c ACC  |i C164614  |u 20250521 
902 |a https://opac.biblio.iteso.mx/vufind/Record/000410794